| 000 | 00981nam a22003137a 4500 | ||
|---|---|---|---|
| 003 | CHAP | ||
| 005 | 20220817042412.0 | ||
| 008 | 971013s1971 r 00010 d | ||
| 010 | _a43582 | ||
| 011 | _a44554 | ||
| 035 | _a48692 | ||
| 040 | _cCHAP | ||
| 090 | _aFolleto 5485 | ||
| 100 | 0 | 0 |
_aFuentes Yagüe, José Luis. _943903 |
| 245 | _aModelos de apriscos e instalaciones complementarias | ||
| 260 |
_aMadrid : _bMinisterio de Agricultura, _c1971 |
||
| 300 |
_a20 p. _b: ilus. |
||
| 490 |
_aHojas divulgadoras _v; 8-71 |
||
| 590 |
_aBATCH-UPD _b10 _c20130110 _lUCH01 _h1500 |
||
| 590 |
_aBATCH-UPD _b10 _c20130410 _lUCH01 _h0922 |
||
| 590 |
_aBATCH-UPD _b10 _c20130914 _lUCH01 _h1037 |
||
| 590 |
_aCONVERSION _b10 _c20130109 _lUCH01 _h1324 |
||
| 650 | 1 | 4 |
_aConstrucciones rurales. _927378 |
| 650 | 1 | 4 |
_aGanado lanar _xAlojamiento. _945154 |
| 830 | 0 |
_aHojas divulgadoras _v; 8-71 |
|
| 901 | _aBK | ||
| 942 | _cFOLL | ||
| 949 |
_aFolleto 5485 _bBC _cFOLL _d-110119 _eTS1 _i48692 _mD _si |
||
| 999 |
_c43582 _d43582 |
||